Suomen kunnat, joiden nimessä on V - Statistics

Yleistilastot
  • Tätä visaa on pelattu 197 kertaa
  • Keskiarvotulos 65 / 89
Vastaustilastot
Vihje Maakunta Kunta % Oikein
1 x V Uusimaa Vantaa
96%
1 x V Pohjanmaa Vaasa
93%
1 x V Uusimaa Vihti
90%
1 x V Keski-Suomi Jyväskylä
88%
1 x V Pirkanmaa Virrat
88%
1 x V Etelä-Pohjanmaa Alajärvi
87%
1 x V Kymenlaakso Kouvola
87%
1 x V Pirkanmaa Valkeakoski
87%
2 x V Etelä-Pohjanmaa Evijärvi
84%
1 x V Etelä-Pohjanmaa Alavus
82%
1 x V Pohjois-Pohjanmaa Haapavesi
82%
1 x V Lappi Kemijärvi
82%
1 x V Pirkanmaa Orivesi
82%
1 x V Lappi Rovaniemi
82%
1 x V Pohjois-Savo Varkaus
82%
1 x V Pirkanmaa Vesilahti
82%
1 x V Pohjanmaa Vöyri
82%
1 x V Uusimaa Kerava
81%
1 x V Pohjois-Pohjanmaa Vaala
81%
1 x V Pohjois-Savo Vieremä
81%
1 x V Kymenlaakso Virolahti
81%
1 x V Pirkanmaa Ylöjärvi
81%
1 x V Uusimaa Järvenpää
79%
1 x V Pohjois-Pohjanmaa Haapajärvi
78%
1 x V Keski-Suomi Kyyjärvi
78%
1 x V Pohjois-Pohjanmaa Pyhäjärvi
78%
1 x V Pohjois-Savo Vesanto
78%
1 x V Keski-Suomi Viitasaari
78%
1 x V Etelä-Pohjanmaa Vimpeli
78%
1 x V Etelä-Savo Hirvensalmi
76%
1 x V Etelä-Pohjanmaa Kauhava
76%
1 x V Pohjois-Pohjanmaa Alavieska
75%
1 x V Uusimaa Hyvinkää
75%
1 x V Etelä-Savo Juva
75%
1 x V Etelä-Savo Savonlinna
75%
1 x V Lappi Savukoski
75%
1 x V Pohjois-Savo Tervo
75%
1 x V Pohjois-Pohjanmaa Ylivieska
75%
1 x V Satakunta Harjavalta
73%
1 x V Satakunta Jämijärvi
73%
2 x V Keski-Suomi Kivijärvi
73%
1 x V Etelä-Pohjanmaa Lappajärvi
73%
2 x V Pohjois-Karjala Polvijärvi
73%
1 x V Keski-Suomi Saarijärvi
73%
1 x V Pohjois-Savo Siilinjärvi
73%
1 x V Keski-Pohjanmaa Veteli
73%
1 x V Pohjois-Karjala Heinävesi
72%
1 x V Uusimaa Loviisa
72%
1 x V Uusimaa Nurmijärvi
72%
1 x V Pohjois-Savo Pielavesi
72%
1 x V Pohjois-Savo Rautavaara
72%
1 x V Pohjois-Karjala Tohmajärvi
72%
1 x V Ahvenanmaa Vårdö
72%
1 x V Satakunta Karvia
70%
1 x V Pohjois-Savo Kiuruvesi
70%
1 x V Uusimaa Lapinjärvi
70%
1 x V Uusimaa Porvoo
70%
1 x V Pirkanmaa Ruovesi
70%
1 x V Etelä-Karjala Savitaipale
70%
1 x V Etelä-Karjala Rautjärvi
69%
1 x V Kainuu Ristijärvi
69%
1 x V Pohjois-Savo Sonkajärvi
69%
1 x V Lappi Tervola
69%
1 x V Satakunta Ulvila
69%
1 x V Pohjois-Savo Kaavi
67%
1 x V Keski-Suomi Konnevesi
67%
1 x V Pirkanmaa Mänttä-Vilppula
67%
1 x V Satakunta Merikarvia
67%
1 x V Pohjois-Pohjanmaa Nivala
67%
1 x V Etelä-Pohjanmaa Teuva
67%
1 x V Pohjois-Pohjanmaa Tyrnävä
67%
1 x V Varsinais-Suomi Vehmaa
67%
1 x V Keski-Suomi Petäjävesi
66%
1 x V Pohjois-Pohjanmaa Taivalkoski
66%
1 x V Kanta-Häme Hausjärvi
64%
1 x V Pohjois-Savo Leppävirta
64%
1 x V Pohjois-Pohjanmaa Pudasjärvi
64%
1 x V Pohjois-Pohjanmaa Reisjärvi
64%
1 x V Pohjois-Pohjanmaa Sievi
64%
1 x V Keski-Suomi Toivakka
63%
1 x V Pohjois-Pohjanmaa Utajärvi
63%
1 x V Keski-Pohjanmaa Lestijärvi
61%
1 x V Pohjois-Pohjanmaa Merijärvi
60%
1 x V Ahvenanmaa Saltvik
60%
1 x V Etelä-Savo Sulkava
60%
1 x V Varsinais-Suomi Kustavi
58%
1 x V Varsinais-Suomi Taivassalo
58%
1 x V Varsinais-Suomi Sauvo
57%
1 x V Pohjois-Pohjanmaa Siikalatva
51%
Ehtoja vastaavia visoja ei löytynyt
Tulosjakauma
Jokaisen tuloksen saaneiden osuus
Persentiili vastausten määrän mukaan
Tuloshistoriasi
Et ole pelannut tätä visaa